[Event "München 1922"]
[Site "SchemingMind.com"]
[Date "2022.09.23"]
[Round "-"]
[White "maro"]
[Black "Robert Bruce"]
[Result "0-1"]
[WhiteCountry "MEX"]
[BlackCountry "SCO"]
[WhiteElo "1465"]
[WhiteRD "72"]
[BlackElo "2329"]
[BlackRD "73"]
[GameID "726913"]

1. e4 Nf6 2. e5 Nd5 3. Bc4 Nb6 4. Bb3 d5 5. Nc3 c5 6. d3 c4 7. dxc4 dxc4 8. Qxd8+ Kxd8 9. Ba4 Nxa4 10. Nxa4 Bf5
11. Nf3 Nc6 12. Bf4 Bxc2 13. Nc5 g5 14. Nxg5 b6 15. Nxf7+ Ke8 16. Nxh8 bxc5 17. O-O Bg7 18. Rac1 Bd3 19. Rfe1 Bxh8 20. b3 Nd4
21. Kh1 cxb3 22. axb3 Nxb3 23. Rc3 c4 24. Re3 Nc5 25. Bh6 a5 26. Rg3 Kf7 27. f4 Ne4
0-1

[Event "München 1922"]
[Site "SchemingMind.com"]
[Date "2022.09.23"]
[Round "-"]
[White "Robert Bruce"]
[Black "maro"]
[Result "1-0"]
[WhiteCountry "SCO"]
[BlackCountry "MEX"]
[WhiteElo "2329"]
[WhiteRD "73"]
[BlackElo "1465"]
[BlackRD "72"]
[GameID "726914"]

1. e4 e5 2. f4 exf4 3. Nf3 Bc5 4. d4 Bb6 5. Bxf4 Nf6 6. Nc3 d6 7. Qe2 O-O 8. O-O-O Re8 9. e5 dxe5 10. dxe5 Nfd7
11. Bg5 f6 12. Qc4+ Kh8 13. exf6 gxf6 14. Nd5 fxg5 15. Qc3+ Kg8 16. Bc4 Kf8 17. Qh8+ Kf7 18. Ne7+ Kxe7 19. Qg7#
1-0

[Event "München 1922"]
[Site "SchemingMind.com"]
[Date "2022.09.25"]
[Round "-"]
[White "Juan Jose Rivas Maceda"]
[Black "Clive Everill"]
[Result "1-0"]
[WhiteCountry "PER"]
[BlackCountry "CZE"]
[WhiteElo "2571"]
[WhiteRD "109"]
[BlackElo "1685"]
[BlackRD "60"]
[GameID "726952"]

1. d4 Nf6 2. c4 g6 3. Nf3 Bg7 4. g3 O-O 5. Bg2 d5 6. cxd5 Nxd5 7. O-O Nb6 8. Nbd2 Bxd4 9. Nxd4 Qxd4 10. Qc2 c6
11. Nf3 Qc4 12. Qd2 Bf5 13. b3 Qd5 14. Qh6 g5 15. Bb2 f6 16. Nd4 Qe5 17. e4 Bg6 18. Nf5 Bxf5 19. Bxe5
1-0

[Event "München 1922"]
[Site "SchemingMind.com"]
[Date "2022.09.25"]
[Round "-"]
[White "Clive Everill"]
[Black "Juan Jose Rivas Maceda"]
[Result "0-1"]
[WhiteCountry "CZE"]
[BlackCountry "PER"]
[WhiteElo "1685"]
[WhiteRD "60"]
[BlackElo "2571"]
[BlackRD "109"]
[GameID "726953"]

1. Nf3 d5 2. c4 d4 3. g3 c5 4. b4 cxb4 5. a3 e6 6. axb4 Bxb4 7. Qa4+ Nc6 8. Bb2 Bd7 9. Bg2 a5 10. O-O Nf6
11. Qc2 e5 12. d3 O-O 13. e3 dxe3 14. fxe3 Ng4 15. Bc1 e4 16. Nd4 Nxd4 17. exd4 Bc6 18. d5 Qb6+ 19. Kh1 exd3 20. Qxd3 Nf2+
21. Rxf2 Qxf2 22. dxc6 Rad8 23. Qf1 Qxf1+ 24. Bxf1 Rd1
0-1

[Event "München 1922"]
[Site "SchemingMind.com"]
[Date "2022.09.26"]
[Round "-"]
[White "Andrea Carra"]
[Black "Johnny Owens"]
[Result "0-1"]
[WhiteCountry "ITA"]
[BlackCountry "USA"]
[WhiteElo "1836"]
[WhiteRD "100"]
[BlackElo "2266"]
[BlackRD "105"]
[GameID "726989"]

1. e4 e6 2. d4 d5 3. Nc3 dxe4 4. Nxe4 Nd7 5. Nf3 Ngf6 6. Nxf6+ Nxf6 7. Bd3 c5 8. O-O cxd4 9. Nxd4 a6 10. Nf3 Bd6
11. Bg5 Qc7 12. h3 h6 13. Bd2 O-O 14. Bc3 Nd5 15. Bd2 Bd7 16. Qe2 e5 17. Qe4 Nf6 18. Qh4 Rfe8 19. Bxh6 gxh6 20. Qxh6 e4
21. Qg5+ Kf8 22. Qxf6 exf3 23. g3 Be5 24. Qh4 Qd8 25. Qb4+ Qe7 26. Qd2 Qf6 27. h4 Kg7 28. Rfe1 Bxb2 29. Rxe8 Rxe8 30. Rb1 Bc3
0-1

[Event "München 1922"]
[Site "SchemingMind.com"]
[Date "2022.09.26"]
[Round "-"]
[White "Johnny Owens"]
[Black "Andrea Carra"]
[Result "1-0"]
[WhiteCountry "USA"]
[BlackCountry "ITA"]
[WhiteElo "2370"]
[WhiteRD "89"]
[BlackElo "1883"]
[BlackRD "96"]
[GameID "726990"]

1. Nf3 Nf6 2. b3 e6 3. Bb2 b6 4. g3 Bb7 5. Bg2 d5 6. c4 c5 7. cxd5 Bxd5 8. Nc3 Bc6 9. O-O Be7 10. d4 O-O
11. dxc5 bxc5 12. Qxd8 Rxd8 13. Rfd1 Na6 14. Ne5 Bxg2 15. Kxg2 Rxd1 16. Rxd1 Rd8 17. Rxd8+ Bxd8 18. Nb5 Bb6 19. Nd6 Nb4 20. a3 Nbd5
21. Kf3 Bc7 22. Nb7 Bb6 23. e4 Nc7 24. Nd8 Nb5 25. Ndxf7 Nd4+ 26. Bxd4 cxd4 27. Ng5 Bc7 28. Nc4 e5 29. Ne6 Bb8 30. Nc5 Kf7
31. Na6 Nd7 32. Nxb8 Nxb8 33. Nxe5+ Ke6 34. Nc4 Nc6 35. b4 a6 36. Ke2 g5 37. f4 gxf4 38. gxf4
1-0

[Event "München 1922"]
[Site "SchemingMind.com"]
[Date "2022.09.27"]
[Round "-"]
[White "Chessibelle"]
[Black "southpolarice"]
[Result "0-1"]
[WhiteCountry "ENG"]
[BlackCountry "AUS"]
[WhiteElo "1069"]
[WhiteRD "62"]
[BlackElo "2037"]
[BlackRD "93"]
[GameID "727020"]

1. Nf3 d5 2. d4 c5 3. e3 Nf6 4. g3 Nc6 5. Be2 cxd4 6. exd4 g6 7. O-O Bg7 8. Nc3 O-O 9. b3 Ne4 10. Bf4 Nxc3
11. Qd2 Nxe2+ 12. Qxe2 Nxd4 13. Qe3 Nxc2 14. Qd3 Bf5 15. Qe2 Nxa1 16. Ng5 h6 17. Nf3 Bg4 18. Qe3 Nc2 19. Qd3 Nb4 20. Qe2 Bxf3
21. Qxf3 e5 22. Be3 d4 23. Bc1 Qd5 24. Qe2 Rfc8 25. Ba3 a5 26. Bb2 Rc2 27. Qd1 Rxb2 28. f4 Qg2#
0-1

[Event "München 1922"]
[Site "SchemingMind.com"]
[Date "2022.09.27"]
[Round "-"]
[White "southpolarice"]
[Black "Chessibelle"]
[Result "1-0"]
[WhiteCountry "AUS"]
[BlackCountry "ENG"]
[WhiteElo "2037"]
[WhiteRD "93"]
[BlackElo "1069"]
[BlackRD "62"]
[GameID "727021"]

1. e4 e5 2. Nf3 d6 3. d4 Bd7 4. Bc4 h6 5. dxe5 f6 6. exd6 Bxd6 7. O-O Ne7 8. Nc3 c6 9. Qxd6 g5 10. Qxf6 Rf8
11. Qxh6 b5 12. Qh5+ Ng6 13. Qxg6+ Ke7 14. Bxg5+
1-0

[Event "München 1922"]
[Site "SchemingMind.com"]
[Date "2022.09.30"]
[Round "-"]
[White "William Lindberg"]
[Black "splinter"]
[Result "1-0"]
[WhiteCountry "USA"]
[BlackCountry "CAN"]
[WhiteElo "2459"]
[WhiteRD "71"]
[BlackElo "1795"]
[BlackRD "84"]
[GameID "727052"]

1. c4 c5 2. Nf3 Nf6 3. e3 e6 4. d4 d5 5. a3 Nc6 6. dxc5 Bxc5 7. b4 Be7 8. Bb2 a6 9. cxd5 exd5 10. Bd3 O-O
11. O-O Be6 12. Nc3 b5 13. h3 Qd7 14. Rc1 Rfd8 15. Nxb5 axb5 16. Bxb5
1-0

[Event "München 1922"]
[Site "SchemingMind.com"]
[Date "2022.09.30"]
[Round "-"]
[White "splinter"]
[Black "William Lindberg"]
[Result "0-1"]
[WhiteCountry "CAN"]
[BlackCountry "USA"]
[WhiteElo "1795"]
[WhiteRD "84"]
[BlackElo "2459"]
[BlackRD "71"]
[GameID "727053"]

1. c4 e5 2. Nc3 Nf6 3. g3 Bb4 4. Qc2 O-O 5. Bg2 Re8 6. a3 Bc5 7. b4 Bf8 8. Nf3 c6 9. c5 a5 10. Bb2 Na6
11. bxa5 Nxc5 12. d4 exd4 13. Nxd4 d5 14. O-O Qxa5 15. e3 Bg4 16. h3 Bh5 17. g4 Bg6 18. Qd2 h5 19. g5 Nfd7 20. f4 Bd6
21. f5 Bh7 22. f6 Be5 23. fxg7 Bg6 24. Rad1 Nb6 25. Nb1 Nc4 26. Qxa5 Rxa5 27. Bc3 Raa8 28. Rfe1 Bg3 29. Re2 Nxe3 30. Rc1 Nd3
31. Bb2 Nxg2 32. Rxg2 Nxc1 33. Rxg3 Bxb1
0-1

[Event "München 1922"]
[Site "SchemingMind.com"]
[Date "2022.10.01"]
[Round "-"]
[White "Steven DuCharme"]
[Black "agoodhobby"]
[Result "1-0"]
[WhiteCountry "USA"]
[BlackCountry "USA"]
[WhiteElo "1524"]
[WhiteRD "67"]
[BlackElo "1539"]
[BlackRD "62"]
[GameID "727054"]

1. Nf3 d5 2. g3 Nf6 3. Bg2 c6 4. d3 Bg4 5. Ne5 e6 6. O-O Bd6 7. Nxg4 Nxg4 8. h3 Nf6 9. Nd2 O-O 10. e4 Nbd7
11. exd5 cxd5 12. Re1 Qb6 13. Nf1 h6 14. a3 Nh7 15. b3 Ng5 16. Bb2 f6 17. h4 Nf7 18. d4 a5 19. Rxe6 a4 20. Bxd5 Qb5
21. c4 Qa6 22. c5 axb3 23. Rxd6 Qb5 24. Qxb3 Qxb3 25. Bxb3
1-0

[Event "München 1922"]
[Site "SchemingMind.com"]
[Date "2022.10.01"]
[Round "-"]
[White "agoodhobby"]
[Black "Steven DuCharme"]
[Result "1/2-1/2"]
[WhiteCountry "USA"]
[BlackCountry "USA"]
[WhiteElo "1539"]
[WhiteRD "62"]
[BlackElo "1524"]
[BlackRD "67"]
[GameID "727055"]

1. c4 g6 2. Nc3 Bg7 3. d4 Nf6 4. e4 d6 5. Nf3 O-O 6. Be2 c6 7. O-O Bg4 8. h3 Bxf3 9. Bxf3 Nbd7 10. Re1 e5
11. d5 Qc7 12. Bg5 h6 13. Bxf6 Bxf6 14. a4 a6 15. a5 c5 16. Bg4 Kg7 17. Na4 Rad8 18. Bxd7 Qxd7 19. Nb6 Qe7 20. b4 Qc7
21. Qa4 Be7 22. b5 f5 23. f3 fxe4 24. Rxe4 Rf4 25. bxa6 bxa6 26. Rb1 Rb8 27. Qc2 Bf8 28. Na4 Rxe4 29. fxe4 Rxb1+ 30. Qxb1 Qxa5
31. Qb7+ Kg8 32. Nb6 Qe1+ 33. Kh2 Qxe4=
1/2-1/2

[Event "München 1922"]
[Site "SchemingMind.com"]
[Date "2022.10.10"]
[Round "-"]
[White "Helga1946"]
[Black "frankly"]
[Result "1/2-1/2"]
[WhiteCountry "GER"]
[BlackCountry "ENG"]
[WhiteElo "2433"]
[WhiteRD "76"]
[BlackElo "2589"]
[BlackRD "73"]
[GameID "727329"]

1. d4 Nf6 2. Nf3 d5 3. c4 e6 4. g3 Bb4+ 5. Bd2 Be7 6. Bg2 O-O 7. O-O c6 8. Qc2 Nbd7 9. Bf4 b6 10. Rd1 Bb7
11. Ne5 Nh5 12. Bd2 Nhf6 13. cxd5 cxd5 14. Nc6 Bxc6 15. Qxc6 Rc8 16. Qb5 Ne8 17. Qa6 Nd6 18. Nc3 Nc4 19. Bc1 Nf6 20. Bf1 Qc7
21. e3 h5 22. Nb5 Qd7 23. b3 Nd6 24. Bd2 Nxb5 25. Qxb5 Qd6 26. a4 h4 27. a5 Ne4 28. axb6 axb6 29. Bg2 Qc6 30. Qxc6 Rxc6
31. Bxe4 dxe4 32. Kg2 Rfc8 33. Be1 Bf6 34. Ra7 Rc2 35. Rb7 Bg5 36. d5 exd5 37. Rxd5 Bxe3 38. Re5 h3+ 39. Kxh3 Bxf2 40. Bxf2 Rxf2
41. Rxe4 Rcc2 42. Rb8+ Kh7 43. Rh4+ Kg6 44. Rxb6+ f6 45. Rg4+ Kh6 46. Rh4+ Kg5 47. Rg4+ Kh6 48. Rh4+ Kg5 49. Rg4+ Kh5 50. Rh4+ Kg6
51. Rg4+=
1/2-1/2

[Event "München 1922"]
[Site "SchemingMind.com"]
[Date "2022.10.09"]
[Round "-"]
[White "frankly"]
[Black "Helga1946"]
[Result "1-0"]
[WhiteCountry "ENG"]
[BlackCountry "GER"]
[WhiteElo "2579"]
[WhiteRD "76"]
[BlackElo "2426"]
[BlackRD "75"]
[GameID "727330"]

1. d4 d5 2. Nf3 e6 3. c4 Nf6 4. Nc3 Bb4 5. Bg5 dxc4 6. e4 c5 7. Bxc4 O-O 8. O-O cxd4 9. Nxd4 h6 10. Bh4 Bxc3
11. bxc3 Nbd7 12. f4 Qc7 13. e5 Qxc4 14. exf6 Nxf6 15. Bxf6 gxf6 16. Qh5 Kh7 17. Rf3 Qc7 18. Nb5 Qb6+ 19. Kh1 Rg8 20. Rg3 Rg6
21. Rd1 Qc6 22. f5 exf5 23. Rxg6 fxg6 24. Qe2 Qe4 25. Qxe4 fxe4 26. Rd8 a5 27. Kg1 h5 28. c4 f5 29. Nd6 Ra6 30. Nxc8 Rc6
31. Rd7+ Kh6 32. Ne7 Rxc4 33. h4 Kg7 34. Nxf5+ Kf6 35. Ne3 Rb4 36. Nd5+ Ke6 37. Nxb4
1-0

[Event "München 1922"]
[Site "SchemingMind.com"]
[Date "2022.11.01"]
[Round "-"]
[White "Juan Jose Rivas Maceda"]
[Black "Steven DuCharme"]
[Result "1-0"]
[WhiteCountry "PER"]
[BlackCountry "USA"]
[WhiteElo "2584"]
[WhiteRD "87"]
[BlackElo "1528"]
[BlackRD "64"]
[GameID "727867"]

1. e4 d6 2. f4 g6 3. d4 Bg7 4. Nc3 e6 5. Nf3 Ne7 6. Be3 O-O 7. Qd2 b6 8. O-O-O Bb7 9. h4 Nd7 10. h5 Nf6
11. hxg6 hxg6 12. Ng5 Qd7 13. Qf2 Ng4 14. Qh4 Nh6 15. Qh3 Bc8 16. g4 e5 17. f5 gxf5 18. gxf5
1-0

[Event "München 1922"]
[Site "SchemingMind.com"]
[Date "2022.11.01"]
[Round "-"]
[White "Steven DuCharme"]
[Black "Juan Jose Rivas Maceda"]
[Result "0-1"]
[WhiteCountry "USA"]
[BlackCountry "PER"]
[WhiteElo "1528"]
[WhiteRD "64"]
[BlackElo "2584"]
[BlackRD "87"]
[GameID "727868"]

1. Nf3 d5 2. b3 Bg4 3. Ne5 h5 4. h3 Bf5 5. Bb2 f6 6. Nf3 Nc6 7. d3 Qd7 8. Nh4 Bh7 9. g3 O-O-O 10. Bg2 e5
11. a3 Qe8 12. O-O e4 13. Qc1 g5
0-1

[Event "München 1922"]
[Site "SchemingMind.com"]
[Date "2022.11.15"]
[Round "-"]
[White "Robert Bruce"]
[Black "ray winteringham"]
[Result "1-0"]
[WhiteCountry "SCO"]
[BlackCountry "ENG"]
[WhiteElo "2329"]
[WhiteRD "73"]
[BlackElo "1439"]
[BlackRD "51"]
[GameID "728380"]

1. e4 e5 2. f4 d5 3. exd5 Qxd5 4. Nc3 Qc5 5. fxe5 Qxe5+ 6. Be2 Bc5 7. Nf3 Qf6 8. d4 Bd6 9. O-O Bg4 10. Ng5 Qh6
11. h3 Ne7 12. Bxg4 f6 13. Ne6 Qh4 14. Nxc7+ Bxc7 15. Nb5 Bb6 16. Nd6+ Kf8 17. c3 f5 18. Nxf5 Nbc6 19. Nxh4+
1-0

[Event "München 1922"]
[Site "SchemingMind.com"]
[Date "2022.11.14"]
[Round "-"]
[White "ray winteringham"]
[Black "Robert Bruce"]
[Result "0-1"]
[WhiteCountry "ENG"]
[BlackCountry "SCO"]
[WhiteElo "1406"]
[WhiteRD "50"]
[BlackElo "2350"]
[BlackRD "75"]
[GameID "728381"]

1. e4 c5 2. Nf3 d6 3. Bc4 Nf6 4. d3 g6 5. Bd2 Bg7 6. Bc3 O-O 7. Nbd2 e6 8. a3 d5 9. exd5 exd5 10. Bb3 d4
11. Bxd4 cxd4 12. O-O Nc6 13. h3 a5 14. a4 Nd5 15. Re1 Nc7 16. Ne4 h6 17. Rb1 Be6 18. Nc5 Bxb3 19. Nxb3 b6 20. Nbd2 h5
21. b3 Nd5 22. Ne4 Bh6 23. Nh2 Rc8 24. Qf3 Ncb4 25. Rec1 f5 26. Ng3 h4 27. Ne2 Re8 28. Rf1 Nxc2 29. g3 Nc3 30. Nxc3 dxc3
31. Rbc1 Bxc1 32. Rxc1 Nd4
0-1

[Event "München 1922"]
[Site "SchemingMind.com"]
[Date "2022.12.05"]
[Round "-"]
[White "Juan Jose Rivas Maceda"]
[Black "Robert Bruce"]
[Result "1-0"]
[WhiteCountry "PER"]
[BlackCountry "SCO"]
[WhiteElo "2573"]
[WhiteRD "72"]
[BlackElo "2322"]
[BlackRD "69"]
[GameID "728983"]

1. e4 c5 2. Nf3 d6 3. d4 cxd4 4. Nxd4 Nf6 5. Nc3 a6 6. Bc4 e6 7. Bb3 b5 8. O-O Be7 9. Qf3 Qc7 10. Qg3 O-O
11. Bh6 Ne8 12. Rad1 Bd7 13. a3 Nc6 14. h3 Nxd4 15. Rxd4 Bf6 16. Rd2 Bc6 17. Bg5 Be5 18. Bf4 a5 19. Bxe5 dxe5 20. Qe3 Nf6
21. f3 Rfb8 22. Nd1 Be8 23. c3 b4 24. cxb4 axb4 25. Rc2 Qd8 26. axb4 Rxb4 27. Bc4 Rxc4 28. Rxc4 Bb5 29. Rc2 Bxf1 30. Rd2 Qa5
31. Kxf1 h5 32. Qc3 Qa6+ 33. Kg1 Qb5 34. h4 Nd7 35. Nf2 Nf8 36. Qc7 Qb4 37. Qd6 Qb5 38. Kh2 Re8 39. b4 Ra8 40. Nd3 Ng6
41. Rc2 Ra3 42. Nf2 Kh7 43. Nh3 Ra8 44. Ng5+ Kg8 45. Rc7 Nxh4 46. Qe7 Qe8 47. Qxe8+ Rxe8 48. Rxf7 Rb8 49. Re7 Ng6 50. Rxe6 Nf8
51. Rxe5 g6 52. b5 Nd7 53. Re7 Nf8 54. f4 Rxb5 55. e5 Rb3 56. Re8 Kg7 57. e6 Rf3 58. gxf3
1-0

[Event "München 1922"]
[Site "SchemingMind.com"]
[Date "2022.12.05"]
[Round "-"]
[White "Robert Bruce"]
[Black "Juan Jose Rivas Maceda"]
[Result "0-1"]
[WhiteCountry "SCO"]
[BlackCountry "PER"]
[WhiteElo "2322"]
[WhiteRD "69"]
[BlackElo "2573"]
[BlackRD "72"]
[GameID "728984"]

1. d4 d5 2. Nf3 Nf6 3. e3 e6 4. Bd3 c5 5. O-O Nc6 6. b3 b6 7. Bb2 Bb7 8. Nbd2 Bd6 9. Ne5 O-O 10. c4 Nb4
11. Bb1 cxd4 12. exd4 Rc8 13. Qe2 Nc6 14. Bd3 Nb4 15. Bb1 g6 16. Re1 Re8 17. Ndf3 dxc4 18. bxc4 Bf8 19. a3 Nc6 20. Nxf7 Kxf7
21. Ng5+ Kg8 22. Nxe6 Qd7 23. d5 Bg7 24. Qf1 Na5 25. Nxg7 Rxe1 26. Qxe1 Kxg7 27. Qc3 Qf7 28. Ba2 Bxd5 29. g4 h6 30. h4 Nxc4
31. g5 hxg5 32. hxg5 Nxb2 33. Qxc8 Ne4 34. f3 Qe7 35. fxe4 Qxg5+ 36. Kh2 Qe5+ 37. Kh3 Nd3 38. Rf1 Qh5+ 39. Kg3 Qg5+ 40. Kh3 Qe3+
41. Kh2 Qe2+ 42. Kg1 Bxa2 43. Qf8+ Kh7 44. Qe7+ Kh6 45. Rf8 Qe3+ 46. Kh2 Qd2+ 47. Kg3 Qg5+ 48. Qxg5+ Kxg5 49. Ra8 Nc5 50. Rxa7 Nxe4+
51. Kf3 Bd5 52. a4 Nd6+ 53. Ke3 Kf5 54. Kd3 Be4+ 55. Ke2 Bb7 56. Kf2 Kf4
0-1

[Event "München 1922"]
[Site "SchemingMind.com"]
[Date "2022.12.08"]
[Round "-"]
[White "southpolarice"]
[Black "frankly"]
[Result "0-1"]
[WhiteCountry "AUS"]
[BlackCountry "ENG"]
[WhiteElo "2044"]
[WhiteRD "99"]
[BlackElo "2605"]
[BlackRD "80"]
[GameID "729092"]

1. d4 Nf6 2. c4 e6 3. Nc3 Bb4 4. e3 O-O 5. Bd3 d5 6. Nf3 c5 7. O-O Nc6 8. a3 Bxc3 9. bxc3 h6 10. Ne5 Nxe5
11. dxe5 dxc4 12. Bxc4 Nd7 13. f4 Qa5 14. Qc2 b5 15. Be2 Bb7 16. Rb1 Bc6 17. c4 b4 18. axb4 cxb4 19. Bd2 Rab8 20. Rb2 Qc5
21. Rfb1 a5 22. Kf1 Rfc8 23. Bd3 Qe7 24. Qd1 Nc5 25. Bc2 Qb7 26. Qe2 Be4 27. Be1 Bxc2 28. Qxc2 b3 29. Qd2 a4 30. Ra1 Qa6
0-1

[Event "München 1922"]
[Site "SchemingMind.com"]
[Date "2022.12.08"]
[Round "-"]
[White "frankly"]
[Black "southpolarice"]
[Result "1-0"]
[WhiteCountry "ENG"]
[BlackCountry "AUS"]
[WhiteElo "2605"]
[WhiteRD "80"]
[BlackElo "2044"]
[BlackRD "99"]
[GameID "729093"]

1. e4 e6 2. d4 d5 3. Nc3 Bb4 4. e5 c5 5. a3 Bxc3+ 6. bxc3 Ne7 7. Qg4 Qc7 8. Qxg7 Rg8 9. Qxh7 cxd4 10. Ne2 Nbc6
11. f4 dxc3 12. Qd3 d4 13. Nxd4 Nxd4 14. Qxd4 Bd7 15. Rg1 Nf5 16. Qf2 Qc6 17. Bd3 Qd5 18. a4 O-O-O 19. Ra3 Kb8 20. Rxc3 Bxa4
21. Qc5 Qd7 22. Qb4 Bc6 23. g3 Nd4 24. Kf2 Nf3 25. Rxc6 Nxg1 26. Rd6 Nh3+ 27. Kg2 Nxf4+ 28. Bxf4 Qc7 29. Be4 b6 30. Qa4
1-0

[Event "München 1922"]
[Site "SchemingMind.com"]
[Date "2023.02.01"]
[Round "-"]
[White "William Lindberg"]
[Black "Johnny Owens"]
[Result "1/2-1/2"]
[WhiteCountry "USA"]
[BlackCountry "USA"]
[WhiteElo "2366"]
[WhiteRD "65"]
[BlackElo "2401"]
[BlackRD "90"]
[GameID "730901"]

1. c4 e6 2. d4 Nf6 3. Nf3 d5 4. Nc3 Bb4 5. Bg5 h6 6. Bxf6 Qxf6 7. e3 c5 8. cxd5 exd5 9. Bb5+ Bd7 10. Bxd7+ Nxd7
11. O-O Bxc3 12. bxc3 O-O 13. dxc5 Nxc5 14. Qxd5 Rac8 15. Qc4 Rc7 16. Nd4 a6 17. Ne2 b5 18. Qd4 Qc6 19. h3 Rfc8 20. Rac1 Qe6
21. Nf4 Qxa2 22. Ra1 Qc2 23. Nd5 Nb3 24. Qe5 Nxa1 25. Nxc7 Nb3 26. Nd5 Rd8 27. e4 Qd3 28. Qe7 Ra8 29. Qb4 Nd2 30. Re1 a5
31. Qd6 Qc2 32. Ne7+ Kh8 33. Qd4 Nc4 34. Nf5 f6 35. Qd5 Rg8=
1/2-1/2

[Event "München 1922"]
[Site "SchemingMind.com"]
[Date "2023.02.01"]
[Round "-"]
[White "Johnny Owens"]
[Black "William Lindberg"]
[Result "1-0"]
[WhiteCountry "USA"]
[BlackCountry "USA"]
[WhiteElo "2401"]
[WhiteRD "90"]
[BlackElo "2366"]
[BlackRD "65"]
[GameID "730902"]

1. Nf3 d5 2. b3 Bg4 3. Bb2 Nd7 4. e3 Ngf6 5. h3 Bh5 6. g4 Bg6 7. g5 Ne4 8. d3 Nd6 9. Nh4 e6 10. Nxg6 hxg6
11. h4 c6 12. Nd2 Qa5 13. Rh3 O-O-O 14. a3 Kb8 15. c4 Qc7 16. Qc2 c5 17. cxd5 exd5 18. Bg2 d4 19. exd4 Nf5 20. Nf3 Bd6
21. Kf1 Rhe8 22. a4 Qa5 23. d5 Qc7 24. a5 Ne5 25. a6 b6 26. Nd2 Rh8 27. Ra4 b5 28. Re4 f6 29. Bc3 Rdf8 30. Qb2 Rc8
31. Qc1 Rce8 32. Qb1 Rc8 33. Kg1 Rhd8 34. gxf6 gxf6 35. Nf3 Nxf3+ 36. Rxf3 Bh2+ 37. Kf1 Rxd5 38. Bxf6 Qd6 39. Bg5 Qxa6 40. Rh3 Bc7
41. Qe1 Qd6 42. Re8 Re5 43. Rxc8+ Kxc8 44. Qa1 Qb6 45. h5 Nd4 46. f4 Rf5 47. Qe1 Ne6 48. hxg6 Nxg5 49. Rh8+ Bd8 50. g7 Rxf4+
51. Kg1 Rg4 52. Qe3 Rxg2+ 53. Kxg2 Qb7+ 54. Kf1 Qxg7 55. Qxc5+ Kb7 56. Qd5+ Ka6 57. Rxd8 Ka5 58. Qd6 Qf7+ 59. Ke1 Nf3+ 60. Kd1 Qxb3+
61. Ke2 Ng1+ 62. Kf2 Qc3 63. Rd7 Nh3+ 64. Kg3 Qe1+ 65. Kxh3 Qf1+ 66. Kg3 Qg1+ 67. Kf4 Qf2+ 68. Ke5 Qe3+ 69. Kf5 Qh3+ 70. Kf6 Qf3+
71. Ke7 Qe3+ 72. Kd8 Ka4 73. Qa6+ Kb4 74. d4 Qf4 75. Qd6+ Qxd6 76. Rxd6 Kc4 77. d5 b4 78. Rd7 b3 79. d6 Kd3 80. Rxa7 b2
81. Rb7
1-0

[Event "München 1922"]
[Site "SchemingMind.com"]
[Date "2023.04.27"]
[Round "-"]
[White "Johnny Owens"]
[Black "frankly"]
[Result "0-1"]
[WhiteCountry "USA"]
[BlackCountry "ENG"]
[WhiteElo "2360"]
[WhiteRD "99"]
[BlackElo "2567"]
[BlackRD "72"]
[GameID "733523"]

1. Nf3 d5 2. b3 Bf5 3. Bb2 e6 4. g3 Nf6 5. Bg2 h6 6. d3 Be7 7. Nbd2 O-O 8. O-O a5 9. a4 Bh7 10. Ne5 Nc6
11. Nxc6 bxc6 12. e4 Re8 13. Qe2 Qb8 14. Kh1 Qb4 15. f4 Rad8 16. Rad1 Nd7 17. g4 Nc5 18. Be5 Nd7 19. Bb2 Bf6 20. Bc1 c5
21. e5 Be7 22. Nf3 Qc3 23. Ne1 Qb4 24. Nf3 Qc3 25. Bh3 c4 26. f5 Nf8 27. bxc4 dxc4 28. d4 c5 29. Be3 Rd7 30. dxc5 Rxd1
31. Rxd1 Rc8 32. Bg2 Bxc5 33. Bxc5 Rxc5 34. Nd4 h5 35. Nc6 Rxc6 36. Bxc6 hxg4 37. fxe6 Nxe6 38. Be4 Bxe4+ 39. Qxe4 Qa3 40. Qa8+ Kh7
41. Qe4+ Kg8 42. Rb1 g6 43. Qxg4 Kg7 44. Rf1 Qxa4 45. Qf3 Qd7 46. h4 Nd4 47. Rd1 Nxf3 48. Rxd7 Nxe5 49. Rc7 Kh6 50. Re7 f6
51. Re6 Nf3 52. Rxf6 Nd4 53. c3 Nb5 54. Rf3 a4 55. Rf4 a3 56. Rxc4 a2 57. Ra4 Nxc3 58. Ra5 a1=Q+ 59. Rxa1 Kh5 60. Kg2 g5
61. Kf3 gxh4 62. Rc1 Na4 63. Ra1 Nc3
0-1

[Event "München 1922"]
[Site "SchemingMind.com"]
[Date "2023.04.27"]
[Round "-"]
[White "frankly"]
[Black "Johnny Owens"]
[Result "1-0"]
[WhiteCountry "ENG"]
[BlackCountry "USA"]
[WhiteElo "2566"]
[WhiteRD "82"]
[BlackElo "2394"]
[BlackRD "100"]
[GameID "733524"]

1. d4 Nf6 2. c4 e6 3. Nf3 d5 4. Nc3 c5 5. cxd5 Nxd5 6. e4 Nxc3 7. bxc3 cxd4 8. cxd4 Bb4+ 9. Bd2 Bxd2+ 10. Qxd2 O-O
11. Bc4 Nd7 12. O-O b6 13. Rfe1 Bb7 14. Rad1 Nf6 15. d5 exd5 16. exd5 Qd6 17. Nd4 g6 18. Nb5 Qc5 19. Qd4 Qxd4 20. Rxd4 Rfd8
21. d6 Rd7 22. Nc7 Rad8 23. Red1 Bc6 24. f3
1-0

[Event "München 1922"]
[Site "SchemingMind.com"]
[Date "2023.09.14"]
[Round "-"]
[White "Juan Jose Rivas Maceda"]
[Black "frankly"]
[Result "1/2-1/2"]
[WhiteCountry "PER"]
[BlackCountry "ENG"]
[WhiteElo "2513"]
[WhiteRD "58"]
[BlackElo "2563"]
[BlackRD "73"]
[GameID "737264"]

1. e4 e5 2. Nf3 Nc6 3. Bb5 Nf6 4. Nc3 Bd6 5. d3 O-O 6. O-O a6 7. Bc4 Bc5 8. Bg5 h6 9. Bh4 Be7 10. a4 d6
11. Bxf6 Bxf6 12. Nd5 g6 13. c3 Bg7 14. Ne3 Kh8 15. a5 f5 16. exf5 gxf5 17. Nd5 Ne7 18. Nh4 Kh7 19. g3 Nxd5 20. Bxd5 c6
21. Bf3 d5 22. Bh5 f4 23. Re1 Bh3 24. Bg4 Bxg4 25. Qxg4 Qg5 26. Qh3 Rae8 27. Re2 e4 28. Rae1 e3 29. fxe3 fxe3 30. d4 c5
31. dxc5 Rf2 32. Qd7 Re7 33. Qd6 Re4 34. Ng2 d4 35. Rxf2 exf2+ 36. Kxf2 Qd2+ 37. Kf1 Qd3+ 38. Kf2 Qd2+ 39. Kf1 Qd3+ 40. Kf2 Qd2+
41. Kf1
1/2-1/2

[Event "München 1922"]
[Site "SchemingMind.com"]
[Date "2023.09.14"]
[Round "-"]
[White "frankly"]
[Black "Juan Jose Rivas Maceda"]
[Result "1-0"]
[WhiteCountry "ENG"]
[BlackCountry "PER"]
[WhiteElo "2558"]
[WhiteRD "71"]
[BlackElo "2517"]
[BlackRD "62"]
[GameID "737265"]

1. d4 d5 2. Nf3 Bf5 3. c4 e6 4. Nc3 c6 5. Qb3 Qb6 6. c5 Qxb3 7. axb3 a6 8. b4 f6 9. Nh4 Ne7 10. Nxf5 Nxf5
11. e3 Kf7 12. Bd2 Be7 13. b5 Rd8 14. b4 g6 15. b6 Nd7 16. Ne2 e5 17. Bc3 exd4 18. exd4 Re8 19. Kd1 Ng7 20. Nc1 Nf8
21. Nb3 Nfe6 22. Kc2 f5 23. Na5 Nd8 24. Nxb7 Nxb7 25. Bxa6 Rab8 26. b5 Nxc5 27. dxc5 Bxc5 28. b7 cxb5 29. Bxb5 Re7 30. Bc6 d4
31. Ba5 Rexb7 32. Bxb7 Rxb7 33. Rhb1 Ra7 34. Kd1 Ne6 35. Bd2 Rd7 36. Rb5 Be7 37. Rba5 Bc5 38. Rc1 Be7 39. Rc6 h5 40. Rb5 Ra7
41. Re5 Nf8 42. Ra5 Rxa5 43. Bxa5 g5 44. Ke2 Bf6 45. Rc5 Kg6 46. Bd2 Nd7 47. Rb5 Ne5 48. Rd5 Nf7 49. Ba5 h4 50. Bb6 h3
51. gxh3 Be5 52. Bxd4 Bxh2 53. Ra5 Bf4 54. Ra6+ Kh5 55. Rf6 Nh6 56. Kf3 Bh2 57. h4 Bf4 58. hxg5 Bxg5 59. Rf8 Kg6 60. Rc8 Nf7
61. Rc6+ Kh5 62. Kg3 f4+ 63. Kf3 Nh6 64. Ke4 Nf7 65. f3
1-0